LEADER 02069nam0 2200445 i 450 001 CFI0044180 005 20251003044114.0 010 $a8879101668 020 $aIT$b88-1191 100 $a20110809d1987 ||||0itac50 ba 101 | $aita 102 $ait 181 1$6z01$ai $bxxxe 182 1$6z01$an 200 1 $aLavoratori azionisti$fS. Ammannati ... \et al.!$gpresentazione di Franco Marini 210 $aRoma$cLavoro$d1987 215 $a126 p.$d19 cm. 225 | $aInterventi$v29 410 0$1001CFI0000187$12001 $aInterventi$v29 606 $aCompartecipazione agli utili$2FIR$3CFIC001617$9E 676 $a331.2164$9$v14 676 $a331.2164$9MODI DI PAGAMENTO DEL SALARIO. INCENTIVI$v19 676 $a331.2164$9INCENTIVI SALARIALI$v20 676 $a331.2164$9ECONOMIA DEL LAVORO. Condizioni di lavoro. Retribuzioni a incentivo$v21 676 $a331.2164$9RETRIBUZIONI A INCENTIVO$v22 676 $a331.2166$9Metodi di retribuzione. Altri metodi di retribuzione$v23 686 $aIT/4432.6$cRELAZIONI INDUSTRIALI ITALIA 1968-1989$2R 686 $aIT/4436.0$cLAVORO SINDACATI DEI LAVORATORI ITALIA 1968-1989$2R 686 $aIT/4436.2$cLAVORO FORME CONDIZIONI MERCATO ITALIA 1968-1989$2R 686 $aIT/4436.8$cORGANIZZAZIONI SINDACALI E ALTRE ITALIA 1968-1989$2R 702 1$aAmmannati$b, Sergio$3CFIV028063 801 3$aIT$bIT-000000$c20110809 850 $aIT-BN0095 $aIT-SA0060 901 $bNAP 27$cCARRANO $nLibri donati dal libraio Umberto Carrano 901 $bNAP 01$cPOZZO LIB.$nVi sono collocati fondi di economia, periodici di ingegneria e scienze, periodici di economia e statistica e altri fondi comprendenti documenti di economia pervenuti in dono. 912 $aCFI0044180 950 0$aBiblioteca Centralizzata di Ateneo$c1 v.$d 01POZZO LIB.F. SANTI 151$e 0101 0060030905E VMA 1 v. (Precedente collocazione S 141)$fB $h20221104$i20221104 977 $a 01$a 27 996 $aLavoratori azionisti$92961409 997 $aUNISANNIO LEADER 02173nam0 2200457 i 450 001 CFI0138810 005 20251003044125.0 010 $a8815016872 010 $a8815036717 020 $aIT$b90-11941 100 $a20070419d1988 ||||0itac50 ba 101 | $aita$cger 102 $ait 181 1$6z01$ai $bxxxe 182 1$6z01$an 200 1 $aStoria sociale dell'antica Grecia$fFritz Gschnitzer 210 $aBologna$cIl mulino$d[1988] 215 $a286 p.$d21 cm 225 | $aUniversale paperbacks Il mulino$v214 300 $aTrad. di Luigi Gallo, Mauro Corsaro. 410 0$1001CFI0000033$12001 $aUniversale paperbacks Il mulino$v214 500 10$aGriechische Sozialgeschichte$3CFI0138813$9CFIV084471$9178674 606 $aGrecia antica$xStoria sociale$2FIR$3CFIC049902$9I 676 $a305.88$9Gruppi razziali, etnici, nazionali. Greci e gruppi affini$v12 676 $a938$9GRECIA FINO AL 323$v14 676 $a938$9STORIA DELL'ANTICA GRECIA$v19 676 $a938$9STORIA GENERALE DEL MONDO ANTICO. ANTICA GRECIA FINO AL 323$v21 676 $a938$9STORIA DELL' ANTICA GRECIA, FINO AL 323$v23 700 1$aGschnitzer$b, Fritz$3CFIV084471$4070$0181135 801 3$aIT$bIT-000000$c20070419 850 $aIT-BN0095 $aIT-NA0614 $aIT-AV0002 $aIT-AV0007 $aIT-NA0079 901 $bNAP BN$cMAGAZZINO $nmagazzini correnti divisi per anni 901 $bNAP 16$cBIBLIOTECA$nComprende materiale librario e multimediale di vario argomento 901 $bNAP AI$cBIBLIOTECA$n$ 901 $bNAP AV$cSEZ. M $nSezione Moderna 901 $bNAP 01$cPOZZO LIB.$nVi sono collocati fondi di economia, periodici di ingegneria e scienze, periodici di economia e statistica e altri fondi comprendenti documenti di economia pervenuti in dono. 912 $aCFI0138810 950 0$aBiblioteca Centralizzata di Ateneo$c1 v.$d 01POZZO LIB.ECON MON 7478$e 0101 0700110175E VMA 1 v. (Precedente collocazione 11 EC 017)$fB $h20220805$i20220805 977 $a 01$a 16$a AI$a AV$a BN 996 $aGriechische Sozialgeschichte$9178674 997 $aUNISANNIO